000 00288nam a22001337a 4500
008 170930b xxu||||| |||| 00| 0 eng d
020 _a9780393300345
041 _aeng
080 _a37
100 _a47
101 _aEDU
245 _aTHE LOOM OF LANGUAGE
_cBODMER, F
942 _2udc
_cBK
999 _c30930
_d30930